| 000 | 02854cam a2200517Mi 4500 | ||
|---|---|---|---|
| 001 | 87515 | ||
| 005 | 20230410103742.0 | ||
| 008 | 081126s2008 fr ab b 000 0 fre d | ||
| 035 | _a(OCoLC)ocn276978466 | ||
| 040 |
_aTZT _cTZT _dAUXAM _dSTF _dRBN |
||
| 020 | _a9782749502007 | ||
| 020 | _a2749502004 | ||
| 029 | 0 |
_aTZT _bJTL00236951 |
|
| 029 | 1 |
_aAUXAM _bAAL0432149-0001 |
|
| 035 | _a(OCoLC)276978466 | ||
| 050 | 1 | 4 |
_a318 DC 82 _bB919p 2008 |
| 082 | 0 | 0 | _a940 |
| 049 | _aGRAL | ||
| 100 | 1 | _aBuchholzer-Remy, Laurence. | |
| 245 | 1 | 0 |
_aPouvoirs, église et société: _bdans les royaumes de France, de Bourgogne et de Germanie, de 888 aux premiáeres années du XIIe siáecle / _cLaurence Buchholzer-Remy, Damien Carraz, Bruno Lemesle. |
| 260 |
_aParis, Rosny-sous-Bois Cedex : _bBréal, _c2008. |
||
| 300 |
_a205 p.: _bill., maps.; _c21cm. |
||
| 440 | 0 | _aCollection Amphi Histoire Médiévale / Capes Agrégation | |
| 504 | _aIncludes bibliographical references | ||
| 505 | 0 | _aLes royaumes au tournant de 888: Les devenirs des royaumes: Dans le royaume de Francie occidentale: competition pour la royauté-- La naissance du royaume de Germanie-- Les principaures territoriales Dans le royaume de France-- En Germaine, des duches aux nouveaux pouvoirs nobiliares-- De nouvelles formes de pouvoir: En France, le debat sur la mutation feodale: En Germaine, le developpement de nouveaux pouvoirs locaux-- Les premiers Capetiens-- Les caracteres de la royaute en Germaine (x-mi-xi siecle) Le gouvernenment royal sous les Saliens: crise et tournant-- Les aristocraties regionales enFrance -- Dominations seigneuriales-- Un heritage carolingien: L' eglise des annees 880 a 1030-- Un nouvel ordonnancemnt du monde: L'Eglise des annees 1030 á1120-- Reforme ou crise gregorienne? -- Disertations-- Commentaires de documents. | |
| 651 | 0 |
_aFrance _xPolitics and government _y987-1328 |
|
| 651 | 0 |
_aBurgundy (Kingdom) _xPolitics and governmen |
|
| 651 | 0 |
_aArles (Kingdom) _|x Politics and government. |
|
| 610 | 2 | 0 |
_aCatholic Church _zFrance _xHistory _yTo 150 |
| 651 | 0 |
_aBurgundy (Kingdom) _xHistory |
|
| 651 | 0 |
_aFrance _xHistory _yMedieval period, 987-1515. |
|
| 653 |
_aEuropean mediaeval history _a9th-12th centuries |
||
| 650 | 0 |
_aEurope _xHistory _y476-1492. |
|
| 651 | 4 |
_aFrancia _xPolítica y gobierno _y987-1328 |
|
| 651 | 4 |
_aBurgundy (Reinado) _xPolítica y gobierno _yHistoria |
|
| 651 | 4 |
_aArles (Reinado) _xPolítica y gobierno _yHistoria |
|
| 610 | 2 | 4 |
_aIglesia Católica _zFrancia _xHistoria _yde 150 |
| 651 | 4 |
_aFracia _xHistoria _yPeríodo Medieval, 987-1515 |
|
| 700 | 1 | _aCarraz, Damien. | |
| 700 | 1 | _aLemesle, Bruno. | |
| 938 |
_aJean Touzot Libraire Editeur _bTOUZ _nJTL00236951 _c16 EUR |
||
| 938 |
_aAux Amateurs de Livres _bAUXA _nAAL0432149-0001 _c16,00 EUR |
||
| 942 |
_2lcc _cbk |
||
| 994 |
_aC0 _bDRFGD |
||
| 946 | _ardc | ||
| 999 |
_c25130 _d25130 |
||